Word Ladder: Small Ball Quiz Stats

Quiz Updated Oct 7, 2015

Challenge
Share
Tweet
Embed
Score 0/12 Timer 01:30
0 Plays Today
Hint 3-Letter Word % Correct
Artificial hair colorDYE
95.5%
PistolGUN
95%
●The one you use in billiards●●CUE●
91.4%
Martini baseGIN
90.5%
AmusementFUN
89.3%
Expected to arriveDUE
88.8%
●The one in an arcade machine●●PIN●
79.4%
●The one that used to cost a penny●●GUM●
78.3%
Wordplay groanerPUN
78.1%
●The one that's in your head●●EYE●
77.9%
●The one that comes from your cat●●FUR●
77.8%
MongrelCUR
75.1%

Today's Daily Dose

Missing Word
For Dummies Books

Word Ladder
Ariana Grande

Quick Pick
1970s Authors

On This Day
June 21st II

You're not logged in!

Compare scores with friends on all Sporcle quizzes.
Join for Free
OR
Log In

You Might Also Like...

Show Comments

Extras

Top Quizzes Today


Score Distribution

Your Account Isn't Verified!

In order to create a playlist on Sporcle, you need to verify the email address you used during registration. Go to your Sporcle Settings to finish the process.

Report this User

Report this user for behavior that violates our Community Guidelines.

Details: